[Event "13sen.WMH 2003 Senioren"]
[Site "Bad Zwischenahn(17.11.-29.11.2003)"]
[Date "2003.11.29"]
[Round "2.135"]
[White "Hesselbarth, Karlheinz"]
[Black "Klopfer, Gert"]
[Result "1-0"]
[WhiteElo "1720"]
[BlackElo "1446"]
[PlyCount "75"]


1. d4 d5 2. Nf3 Bg4 3. e3 Nf6 4. c4 g6 5. Nc3 Bg7 6. Qb3 b6 7. cxd5 Bxf3 8.
gxf3 c6 9. dxc6 Nxc6 10. Bb5 Rc8 11. d5 Nxd5 12. Nxd5 O-O 13. Bxc6 Rxc6 14. e4
e6 15. Nc3 Qd3 16. Ne2 Qd7 17. O-O Qc7 18. Bf4 e5 19. Bg3 Qe7 20. Rac1 Re6 21.
Rfd1 h5 22. h3 Bh6 23. Rc3 h4 24. Bh2 Kh7 25. Rcd3 Qg5+ 26. Kh1 Rfe8 27. Rd7
Qf6 28. Rxa7 Kg7 29. Rdd7 Rf8 30. Qd3 Kg8 31. Nc3 Qg5 32. Bg1 Rf6 33. Nd5 Re6
34. Ne3 Qf4 35. Ng4 Bg5 36. Qe3 Qxe3 37. Nxe3 f5 38. Rg7+ 1-0

[Event "13sen.WMH 2003 Senioren"]
[Site "Bad Zwischenahn(17.11.-29.11.2003)"]
[Date "2003.??.??"]
[Round "2.1"]
[White "Klovans, Janis"]
[Black "Kruek, Josef"]
[Result "1-0"]
[WhiteElo "2460"]
[BlackElo "2135"]
[PlyCount "55"]


1. e4 e5 2. Nf3 Nc6 3. Bb5 a6 4. Ba4 Nf6 5. O-O Be7 6. Re1 b5 7. Bb3 d6 8. c3
O-O 9. h3 Na5 10. Bc2 c5 11. d4 Bb7 12. Nbd2 cxd4 13. cxd4 Qc7 14. Nf1 Nc4 15.
Ng3 g6 16. a4 Nb6 17. b3 Rfc8 18. Bd3 bxa4 19. bxa4 Bc6 20. Be3 Nbd7 21. Qe2
Bb7 22. Rab1 exd4 23. Bxd4 Nc5 24. Bxc5 dxc5 25. Bc4 Bd6 26. e5 Bxf3 27. gxf3
Re8 28. exd6 1-0

[Event "13sen.WMH 2003 Senioren"]
[Site "Bad Zwischenahn(17.11.-29.11.2003)"]
[Date "2003.11.29"]
[Round "2.3"]
[White "Chernikov, Oleg"]
[Black "Rettler, Heinz"]
[Result "1-0"]
[WhiteElo "2443"]
[BlackElo "1879"]
[PlyCount "79"]


1. d4 Nf6 2. Bg5 Ne4 3. Bf4 d5 4. f3 Nd6 5. Nc3 c6 6. e4 e6 7. Nge2 Qa5 8. Nc1
Nd7 9. Nb3 Qd8 10. Be2 Be7 11. O-O O-O 12. Qe1 Ne8 13. Rd1 Bd6 14. Qg3 Bxf4 15.
Qxf4 b6 16. Nb1 Bb7 17. c4 Ba6 18. Na3 Rc8 19. Rde1 Bb7 20. Bd3 Qf6 21. Qg3 Qg6
22. Qh3 Qh6 23. Qxh6 gxh6 24. e5 Ng7 25. Rc1 Kh8 26. c5 bxc5 27. Nxc5 Nxc5 28.
Rxc5 Rg8 29. Nc2 a6 30. Rc1 a5 31. Rxa5 Ra8 32. Rxa8 Rxa8 33. Nb4 Ba6 34. Rxc6
Bxd3 35. Rc7 Bg6 36. a3 Rb8 37. Kf2 Kg8 38. Ke3 h5 39. h4 Nf5+ 40. Kd2 1-0

[Event "13sen.WMH 2003 Senioren"]
[Site "Bad Zwischenahn(17.11.-29.11.2003)"]
[Date "2003.??.??"]
[Round "2.4"]
[White "Lundgren, Bernt"]
[Black "Chepukaitis, Genrikh"]
[Result "0-1"]
[WhiteElo "2066"]
[BlackElo "2420"]
[PlyCount "108"]


1. d4 g6 2. Nf3 Bg7 3. c4 d6 4. Nc3 Bg4 5. e3 Nc6 6. Be2 e5 7. h3 Bxf3 8. Bxf3
Nge7 9. d5 Nb8 10. e4 Nd7 11. Be2 f5 12. f3 O-O 13. Be3 Kh8 14. Qd2 Nf6 15. g4
f4 16. Bf2 c5 17. Rb1 b6 18. a3 Nd7 19. Kf1 a6 20. h4 Nf6 21. Rg1 Qd7 22. Qd1
h5 23. g5 Qh3+ 24. Ke1 Ne8 25. Bf1 Qd7 26. Rh1 Nc7 27. Be2 Rfb8 28. Kf1 b5 29.
Bxc5 dxc5 30. d6 b4 31. dxc7 Qxc7 32. axb4 cxb4 33. Nd5 Qc5 34. Nxe7 Qxe7 35.
Kg2 Rd8 36. Qb3 Rd2 37. Rhe1 a5 38. Rbd1 a4 39. Qa2 b3 40. Qa1 Rc2 41. Rc1 Qb4
42. Kf1 Bf8 43. Qb1 Rxc1 44. Rxc1 Rd8 45. Rd1 Rd2 46. Qc1 Rc2 47. Qb1 Bc5 48.
Rd8+ Kh7 49. Qd1 Bd4 50. Rxd4 exd4 51. Qxd4 Qb7 52. Bd1 a3 53. bxa3 Rc1 54. Qd2
b2 0-1

[Event "13sen.WMH 2003 Senioren"]
[Site "Bad Zwischenahn(17.11.-29.11.2003)"]
[Date "2003.11.29"]
[Round "2.5"]
[White "Shabanov, Yuri"]
[Black "Bomert, Egon"]
[Result "1-0"]
[WhiteElo "2443"]
[BlackElo "1942"]
[PlyCount "47"]


1. e4 d6 2. d4 Nf6 3. Nc3 g6 4. Nf3 Bg7 5. Be2 O-O 6. O-O Nbd7 7. e5 Ne8 8. Re1
Nb6 9. Bf4 Bg4 10. a4 a5 11. Ng5 Bxe2 12. Qxe2 h6 13. Nge4 e6 14. Rad1 d5 15.
Nc5 Qc8 16. Qg4 Kh7 17. h4 c6 18. h5 Nc7 19. Bc1 Na6 20. Rd3 Nxc5 21. dxc5 Nd7
22. Rh3 Nxe5 23. Rxe5 Bxe5 24. hxg6+ 1-0

[Event "13sen.WMH 2003 Senioren"]
[Site "Bad Zwischenahn(17.11.-29.11.2003)"]
[Date "2003.??.??"]
[Round "2.6"]
[White "Dorawa, Bernhard"]
[Black "Bukal, Vladimir"]
[Result "0-1"]
[WhiteElo "2120"]
[BlackElo "2428"]
[PlyCount "51"]


1. e4 e6 2. d4 d5 3. Nc3 Bb4 4. e5 Ne7 5. a3 Bxc3+ 6. bxc3 c5 7. Qg4 Qa5 8. Bd2
Kf8 9. h4 Qa4 10. Kd1 Nbc6 11. Nf3 b6 12. Qf4 cxd4 13. Nxd4 Nxd4 14. Qxd4 Bd7
15. Bd3 Rc8 16. h5 h6 17. Rh4 Qc6 18. f4 Nf5 19. Qb4+ Kg8 20. Rg4 a5 21. Qb3
Qc5 22. Ke2 d4 23. c4 Bc6 24. Rb1 Rb8 25. Bb4 axb4 26. axb4 0-1

[Event "13sen.WMH 2003 Senioren"]
[Site "Bad Zwischenahn(17.11.-29.11.2003)"]
[Date "2003.??.??"]
[Round "2.7"]
[White "Karasev, Vladimir"]
[Black "Helmsen, Franz"]
[Result "1-0"]
[WhiteElo "2415"]
[BlackElo "2115"]
[PlyCount "87"]


1. Nf3 Nf6 2. g3 b6 3. Bg2 Bb7 4. c4 e5 5. Nc3 Bb4 6. Qb3 Na6 7. O-O Bxc3 8.
Qxc3 d6 9. b4 O-O 10. d3 c5 11. a3 Rb8 12. e4 Nc7 13. Nh4 Ne6 14. Nf5 Qc7 15.
f4 Nd7 16. Ra2 f6 17. Raf2 Rbe8 18. h4 Nb8 19. b5 Nd7 20. h5 Kh8 21. a4 Nd4 22.
Nh4 Rf7 23. Bh3 Nf8 24. h6 Bc8 25. Bxc8 Qxc8 26. Kh2 Qg4 27. Qe1 Nd7 28. f5 Rg8
29. Qd1 gxh6 30. Qxg4 Rxg4 31. Bxh6 Rg8 32. Ng2 Ra8 33. Ne3 a5 34. Nd5 Rc8 35.
g4 Rg8 36. Kh3 Rc8 37. Rh1 Rg8 38. Kg3 Nf8 39. Nxb6 Nd7 40. Nd5 Rb8 41. Bd2 Nf8
42. Rfh2 Kg8 43. Kf2 Nd7 44. Rh6 1-0

[Event "13sen.WMH 2003 Senioren"]
[Site "Bad Zwischenahn(17.11.-29.11.2003)"]
[Date "2003.??.??"]
[Round "2.8"]
[White "Maugg, Ludwig"]
[Black "Donchenko, Anatoli"]
[Result "0-1"]
[WhiteElo "2115"]
[BlackElo "2410"]
[PlyCount "100"]


1. e4 c5 2. Nf3 d6 3. d4 cxd4 4. Nxd4 Nf6 5. Nc3 a6 6. Bg5 e6 7. f4 Qb6 8. Nb3
Nbd7 9. Qf3 Qc7 10. O-O-O b5 11. Bd3 Bb7 12. Rhe1 Be7 13. g4 b4 14. Ne2 a5 15.
Kb1 h6 16. Bh4 O-O 17. g5 hxg5 18. Bxg5 a4 19. Nbd4 Nc5 20. Ng3 a3 21. Nh5 Nxh5
22. Bxe7 Qxe7 23. Qxh5 g6 24. Qh6 Qf6 25. e5 dxe5 26. fxe5 Qg7 27. Qxg7+ Kxg7
28. b3 Rh8 29. Rd2 Rad8 30. Nb5 Rd5 31. Nd6 Ba6 32. Re3 Rh5 33. Ne8+ Kf8 34.
Nf6 Rdxe5 35. Be4 Rh4 36. Rd4 Bb7 37. Rxb4 Bxe4 38. Kc1 Rf4 39. Rb8+ Ke7 40.
Ng8+ Kd6 41. b4 Kc7 42. Re8 Rd5 43. Rxa3 Nd7 44. Ne7 Rd4 45. Rc3+ Kd6 46. Nc8+
Ke5 47. a3 Rf2 48. Na7 Rdd2 49. Rec8 Nb6 50. R8c5+ Kf6 0-1

[Event "13sen.WMH 2003 Senioren"]
[Site "Bad Zwischenahn(17.11.-29.11.2003)"]
[Date "2003.??.??"]
[Round "2.10"]
[White "Brandt, Wilhelm"]
[Black "Hecht, Hans-Joachim"]
[Result "0-1"]
[WhiteElo "1871"]
[BlackElo "2384"]
[PlyCount "76"]


1. d4 Nf6 2. c4 e6 3. Nc3 Bb4 4. Bd2 d5 5. e3 O-O 6. Nf3 b6 7. cxd5 exd5 8. Bd3
Bb7 9. Qc2 a6 10. O-O Nbd7 11. a3 Bd6 12. b4 Qe7 13. Qb3 Rfe8 14. b5 a5 15. a4
Rad8 16. Bc1 Nf8 17. Ba3 Ng6 18. Bxd6 Rxd6 19. Bxg6 hxg6 20. Ne5 g5 21. Qc2 Nd7
22. Nxd7 Qxd7 23. Qd3 Rh6 24. f4 Qe7 25. Nd1 c5 26. bxc6 Rxc6 27. fxg5 Qxg5 28.
Ra2 Rc4 29. Raf2 Re7 30. Rf5 Qg6 31. Qa3 Rec7 32. Re5 Bc6 33. Nb2 Rc2 34. g3
Qh6 35. h4 Qg6 36. Rf3 Qg4 37. e4 dxe4 38. Rf2 Rc1+ 0-1

[Event "13sen.WMH 2003 Senioren"]
[Site "Bad Zwischenahn(17.11.-29.11.2003)"]
[Date "2003.??.??"]
[Round "2.11"]
[White "Katalymov, Boris"]
[Black "Limberg, Siegfried"]
[Result "1-0"]
[WhiteElo "2400"]
[BlackElo "2110"]
[PlyCount "61"]


1. e4 c5 2. Nf3 d6 3. d4 cxd4 4. Nxd4 Nf6 5. Nc3 a6 6. Be3 e6 7. Be2 Be7 8. O-O
O-O 9. a4 b6 10. f4 Bb7 11. Bf3 Nbd7 12. e5 Bxf3 13. Qxf3 dxe5 14. Nc6 e4 15.
Nxe4 Qe8 16. c4 Nxe4 17. Qxe4 Bc5 18. Rfe1 Rc8 19. Qf3 Bxe3+ 20. Rxe3 Nc5 21.
Ne5 Nxa4 22. f5 f6 23. Nd3 e5 24. Qd5+ Kh8 25. Nf4 g6 26. fxg6 Nc5 27. b4 Qd8
28. Rh3 Rc7 29. Rd1 Qb8 30. Nh5 Nb7 31. g7+ 1-0

[Event "13sen.WMH 2003 Senioren"]
[Site "Bad Zwischenahn(17.11.-29.11.2003)"]
[Date "2003.11.29"]
[Round "2.12"]
[White "Gerhardt, Peter-Michael"]
[Black "Boehnisch, Manfred"]
[Result "0-1"]
[WhiteElo "2016"]
[BlackElo "2350"]
[PlyCount "78"]


1. Nf3 d5 2. g3 Bg4 3. Bg2 Nd7 4. O-O c6 5. b3 e6 6. Bb2 Ngf6 7. d3 Bc5 8. Nbd2
O-O 9. c4 a5 10. Rc1 Qe7 11. Qc2 Ba3 12. Bxa3 Qxa3 13. Nb1 Qd6 14. c5 Qe7 15.
d4 e5 16. dxe5 Nxe5 17. Nd4 Rfe8 18. Nd2 Ng6 19. h3 Bd7 20. Rfe1 Nf8 21. a3 g6
22. e3 Ne6 23. N2f3 Ne4 24. b4 Qf6 25. h4 axb4 26. axb4 Ra3 27. Ra1 Rea8 28.
Rxa3 Rxa3 29. Nxe6 Bxe6 30. Nd4 Bf5 31. Qb2 Rd3 32. Qa1 Bh3 33. Rf1 Bxg2 34.
Kxg2 Kg7 35. Ne2 Qxa1 36. Rxa1 Rd2 37. Kf1 Rb2 38. f3 Nd2+ 39. Kf2 Rxb4 0-1

[Event "13sen.WMH 2003 Senioren"]
[Site "Bad Zwischenahn(17.11.-29.11.2003)"]
[Date "2003.??.??"]
[Round "2.13"]
[White "Piankov, Evgenij"]
[Black "Semmler, Guenter"]
[Result "1-0"]
[WhiteElo "2370"]
[BlackElo "2090"]
[PlyCount "77"]


1. d4 d6 2. Nf3 Nf6 3. Bg5 Nbd7 4. Nbd2 c6 5. c3 Qc7 6. e4 e5 7. dxe5 dxe5 8.
Bc4 Be7 9. O-O O-O 10. Re1 b5 11. Bf1 Nc5 12. Qc2 Nh5 13. Bxe7 Qxe7 14. c4 b4
15. a3 bxa3 16. Rxa3 f6 17. g3 Ne6 18. Rea1 Rd8 19. Ra5 c5 20. Qa4 a6 21. Bh3
Rb8 22. b3 g6 23. Bxe6+ Bxe6 24. Rxa6 Bh3 25. Ra7 Qd6 26. Qa5 g5 27. Nf1 Rxb3
28. Ra8 Rxa8 29. Qxa8+ Rb8 30. Qa7 Rb2 31. Ne3 Qb6 32. Qa8+ Qb8 33. Qd5+ Kg7
34. Nd2 Qc7 35. Ndf1 Qb6 36. g4 Bxg4 37. Nxg4 Nf4 38. Qd7+ Kg6 39. Ra7 1-0

[Event "13sen.WMH 2003 Senioren"]
[Site "Bad Zwischenahn(17.11.-29.11.2003)"]
[Date "2003.11.29"]
[Round "2.14"]
[White "Gohlke, Karl-Heinz"]
[Black "Arkhangelsky, Boris"]
[Result "0-1"]
[WhiteElo "1880"]
[BlackElo "2269"]
[PlyCount "118"]


1. d4 d5 2. c4 e6 3. Nc3 c6 4. Nf3 dxc4 5. a4 Bb4 6. Bd2 a5 7. e3 b5 8. axb5
Bxc3 9. Bxc3 cxb5 10. b3 Bb7 11. bxc4 b4 12. Bd2 Nf6 13. Be2 O-O 14. O-O Nbd7
15. h3 Ne4 16. Qb3 Qc7 17. Rfc1 Rfb8 18. Qb1 f5 19. Be1 Qd8 20. c5 Bc6 21. Bc4
Qf6 22. Qa2 Re8 23. d5 exd5 24. Bxd5+ Bxd5 25. Qxd5+ Qf7 26. Qxf7+ Kxf7 27. c6
Ndc5 28. Nd4 Nd3 29. Rd1 Nxe1 30. Rxe1 Rec8 31. f3 Nc3 32. e4 fxe4 33. fxe4 a4
34. e5 b3 35. e6+ Kg8 36. Rac1 Nd5 37. e7 b2 38. Rb1 a3 39. Nc2 Nc3 40. Nxa3
Nxb1 41. Nxb1 Kf7 42. Re2 Rab8 43. c7 Rxc7 44. e8=Q+ Rxe8 45. Rxb2 Rec8 46.
Rf2+ Kg6 47. Nd2 Rc2 48. Nf3 Rxf2 49. Kxf2 Kf5 50. Kg3 Rc3 51. Kf2 Ra3 52. Kg3
Ke4 53. Kg4 Ke3 54. Kg3 Ke2 55. h4 Kf1 56. Kh2 Ra2 57. Kh3 Rxg2 58. Ng5 h6 59.
Ne6 Kf2 0-1

[Event "13sen.WMH 2003 Senioren"]
[Site "Bad Zwischenahn(17.11.-29.11.2003)"]
[Date "2003.??.??"]
[Round "2.15"]
[White "Litvinov, Vladimir"]
[Black "Baumgartner, Walter,Dr."]
[Result "1-0"]
[WhiteElo "2370"]
[BlackElo "2046"]
[PlyCount "128"]


1. e4 e6 2. d4 d5 3. Nc3 Bb4 4. e5 c5 5. a3 Bxc3+ 6. bxc3 Qa5 7. Qd2 Ne7 8. Nf3
b6 9. dxc5 bxc5 10. c4 Qxd2+ 11. Bxd2 Ba6 12. Bg5 Nbc6 13. cxd5 Bxf1 14. Rxf1
exd5 15. Rb1 Ng6 16. Rb5 h6 17. Be3 d4 18. Rxc5 dxe3 19. Rxc6 exf2+ 20. Kxf2
O-O 21. Rd1 Rfe8 22. e6 Rxe6 23. Rxe6 fxe6 24. Rd6 Rc8 25. Nd4 Nf8 26. Nc6 Kf7
27. Ke3 Rc7 28. Kd4 Kf6 29. Kc5 Nd7+ 30. Kb5 Rb7+ 31. Kc4 Ne5+ 32. Nxe5 Kxe5
33. Rc6 Rf7 34. Kb5 Kd5 35. c4+ Kd4 36. Rxe6 Rf5+ 37. Kb4 a5+ 38. Kb3 Rg5 39.
g3 Rf5 40. Rd6+ Ke4 41. Rg6 Rf7 42. c5 Kd5 43. c6 Kc5 44. Ka4 Re7 45. h4 Rf7
46. h5 Re7 47. g4 Rf7 48. g5 hxg5 49. Rxg5+ Kxc6 50. Kxa5 Rb7 51. a4 Rf7 52.
Ka6 Re7 53. a5 Rf7 54. Rg6+ Kc5 55. Rg1 Rf6+ 56. Kb7 Rf7+ 57. Kc8 Rf5 58. Rg6
Rxh5 59. a6 Rf5 60. a7 Rf8+ 61. Kb7 Rf7+ 62. Ka6 Rf8 63. Rb6 Rf1 64. Rb5+ Kc4
1-0

[Event "13sen.WMH 2003 Senioren"]
[Site "Bad Zwischenahn(17.11.-29.11.2003)"]
[Date "2003.11.29"]
[Round "2.16"]
[White "Wallhof, Dieter"]
[Black "Baumgartner, Heinz"]
[Result "0-1"]
[WhiteElo "1986"]
[BlackElo "2307"]
[PlyCount "76"]


1. g3 e5 2. Bg2 d5 3. c3 Nf6 4. d4 e4 5. Na3 Be7 6. Bg5 Nbd7 7. Nc2 h6 8. Bxf6
Nxf6 9. Nh3 Bd6 10. Ne3 Be6 11. f3 c5 12. fxe4 Nxe4 13. O-O O-O 14. Bxe4 dxe4
15. Nf4 Bxf4 16. Rxf4 cxd4 17. Qxd4 Qxd4 18. cxd4 f5 19. d5 Bd7 20. Rc1 g5 21.
Rff1 f4 22. gxf4 gxf4 23. Ng2 f3 24. exf3 exf3 25. Nh4 Rf4 26. Nxf3 Bh3 27. Rf2
Raf8 28. Rc3 R8f6 29. Rd3 Bf5 30. Re3 Be4 31. Nd2 Rxf2 32. Nxe4 Rf1+ 33. Kg2
Rf8 34. d6 Rd1 35. Nc5 Rxd6 36. Nxb7 Rd2+ 37. Kg3 Rxb2 38. Nc5 Rxa2 0-1

[Event "13sen.WMH 2003 Senioren"]
[Site "Bad Zwischenahn(17.11.-29.11.2003)"]
[Date "2003.??.??"]
[Round "2.17"]
[White "Lieb, Harald"]
[Black "Rueggeberg, Wilhelm"]
[Result "1-0"]
[WhiteElo "2340"]
[BlackElo "2080"]
[PlyCount "51"]


1. d4 Nf6 2. Nf3 d5 3. c4 e6 4. g3 c6 5. Bg2 dxc4 6. O-O Nbd7 7. Qc2 g6 8. Bf4
Qe7 9. Nbd2 Nd5 10. Nxc4 Nxf4 11. gxf4 f6 12. e4 Bh6 13. f5 gxf5 14. exf5 Nf8
15. Rfe1 Bf4 16. Qe4 Qc7 17. Rad1 Rg8 18. fxe6 Rg4 19. Kh1 Rg7 20. d5 cxd5 21.
Qxd5 Re7 22. Nd4 Be5 23. Qb5+ Bd7 24. exd7+ Kf7 25. Qd5+ Ne6 26. Nxe6 1-0

[Event "13sen.WMH 2003 Senioren"]
[Site "Bad Zwischenahn(17.11.-29.11.2003)"]
[Date "2003.??.??"]
[Round "2.18"]
[White "Zschorsch, Peter"]
[Black "Rahls, Peter"]
[Result "0-1"]
[WhiteElo "2085"]
[BlackElo "2340"]
[PlyCount "118"]


1. d4 c5 2. d5 e5 3. e4 d6 4. Bd3 a6 5. c4 Be7 6. Ne2 Bg5 7. O-O Bxc1 8. Qxc1
Ne7 9. f4 exf4 10. Qc3 O-O 11. Nxf4 Nd7 12. Nd2 Ng6 13. Nxg6 hxg6 14. Nf3 Qe7
15. Rae1 Re8 16. Qd2 Ne5 17. Nxe5 Qxe5 18. Qf2 f6 19. Kh1 Bd7 20. Qg3 Qxg3 21.
hxg3 Re5 22. Kg1 b5 23. b3 Rae8 24. Kf2 Kf7 25. Rh1 b4 26. Re2 Bg4 27. Re3 R5e7
28. Bc2 a5 29. Ree1 f5 30. Ke3 Kf6 31. Rhf1 Kg5 32. Rf4 fxe4 33. Ref1 Bd7 34.
Bd1 Bf5 35. Rh1 Ra8 36. Rhh4 a4 37. bxa4 Rea7 38. Rxe4 Bxe4 39. Rxe4 Rxa4 40.
Rg4+ Kf6 41. Rf4+ Ke7 42. Re4+ Kd7 43. Bg4+ Kd8 44. Re6 R4a6 45. Rxg6 R8a7 46.
Kf4 Re7 47. Bd1 Kd7 48. Bb3 Ra8 49. Kg4 Rf8 50. Ba4+ Kc7 51. Re6 Rxe6 52. dxe6
Kd8 53. Kg5 Rf6 54. g4 Rxe6 55. Kf5 Rf6+ 56. Ke4 Rf2 57. Bb3 Rxg2 58. Kf5 Ke7
59. g5 Kf7 0-1

[Event "13sen.WMH 2003 Senioren"]
[Site "Bad Zwischenahn(17.11.-29.11.2003)"]
[Date "2003.11.29"]
[Round "2.19"]
[White "Zakharchenko, Arnold"]
[Black "Oelert, Ralf"]
[Result "1-0"]
[WhiteElo "2331"]
[BlackElo "1944"]
[PlyCount "99"]


1. c4 Nf6 2. Nc3 e5 3. g3 Bb4 4. Nf3 e4 5. Nd4 Nc6 6. Nxc6 bxc6 7. Bg2 d5 8.
Nxd5 cxd5 9. Qa4+ c6 10. Qxb4 Qe7 11. Qxe7+ Kxe7 12. b3 Rb8 13. Ba3+ Kd8 14. f3
dxc4 15. bxc4 Re8 16. fxe4 Nxe4 17. Rf1 f6 18. d3 Nc3 19. Bf3 Bh3 20. Rg1 Bd7
21. Kd2 Na4 22. Rgb1 Kc7 23. e3 Rbd8 24. Bb4 Rb8 25. Rb3 c5 26. Ba5+ Nb6 27.
Rab1 Bc6 28. Bd5 Re5 29. e4 Rh5 30. h4 g5 31. d4 Bxd5 32. exd5 cxd4 33. c5 gxh4
34. cxb6+ axb6 35. Bxb6+ Kd7 36. gxh4 Rxd5 37. Kd3 Ra8 38. Bxd4 Ra4 39. Rb4
Ra3+ 40. Ke4 Rd6 41. Rb7+ Ke6 42. Bc5 f5+ 43. Kf4 Ra4+ 44. R1b4 Rda6 45. R7b6+
Kd5 46. Rxa6 Rxa6 47. Be3 Rxa2 48. Kxf5 Ra3 49. Rd4+ Kc6 50. Bf4 1-0

[Event "13sen.WMH 2003 Senioren"]
[Site "Bad Zwischenahn(17.11.-29.11.2003)"]
[Date "2003.11.29"]
[Round "2.20"]
[White "Titz, Herbert"]
[Black "Hermann, Manfred[42Oldenb]"]
[Result "0-1"]
[WhiteElo "1949"]
[BlackElo "2281"]
[PlyCount "76"]


1. d4 d5 2. c4 c6 3. e3 Nf6 4. Nc3 e6 5. Bd3 Nbd7 6. Nf3 dxc4 7. Bxc4 b5 8. Bd3
a6 9. O-O c5 10. Re1 Bb7 11. b3 cxd4 12. exd4 Bb4 13. Bd2 O-O 14. Ne4 Bxd2 15.
Qxd2 Qb6 16. Qf4 Nxe4 17. Bxe4 Bxe4 18. Rxe4 Nf6 19. Re2 Rac8 20. Rc1 Nd5 21.
Qd2 Rc7 22. Qe1 Rfc8 23. Rxc7 Rxc7 24. h3 h6 25. Qd2 Rc3 26. Ne5 Qc7 27. Nd3 b4
28. g3 a5 29. Nc5 Qc6 30. Re1 Rf3 31. Qe2 Nc3 32. Qd2 Rf5 33. a3 Rd5 34. axb4
axb4 35. Nd3 Rxd4 36. Qe3 Qd6 37. Nb2 Re4 38. Qc1 Ne2+ 0-1

[Event "13sen.WMH 2003 Senioren"]
[Site "Bad Zwischenahn(17.11.-29.11.2003)"]
[Date "2003.11.29"]
[Round "2.21"]
[White "Kraidman, Yair"]
[Black "Schubert, Hans-Joachim[36AUT]"]
[Result "1-0"]
[WhiteElo "2297"]
[BlackElo "1805"]
[PlyCount "89"]


1. d4 f5 2. Nf3 Nf6 3. c4 e6 4. g3 b6 5. Bg2 Bb7 6. O-O c5 7. Nc3 Na6 8. d5
exd5 9. cxd5 d6 10. Bg5 Be7 11. Nd2 Nc7 12. Nc4 O-O 13. Ne3 h6 14. Bxf6 Bxf6
15. a4 Bxc3 16. bxc3 f4 17. Nc4 Qf6 18. Qd2 Ba6 19. Na3 Rae8 20. c4 Bc8 21. Nb5
Nxb5 22. axb5 Re7 23. gxf4 Qxf4 24. Qxf4 Rxf4 25. e4 Rh4 26. Ra3 Bg4 27. Re1
Bf5 28. Rae3 Bg6 29. f3 Kh7 30. Kf2 Rf4 31. Kg3 Rf8 32. Bh3 Rh8 33. Ra3 Ra8 34.
Ra6 Rb8 35. Ra2 Bf7 36. Rae2 Ra8 37. e5 dxe5 38. Rxe5 Rxe5 39. Rxe5 a5 40. bxa6
Rxa6 41. Re7 Bg6 42. d6 Ra8 43. Rb7 Bd3 44. Rxb6 Bxc4 45. Rc6 1-0

[Event "13sen.WMH 2003 Senioren"]
[Site "Bad Zwischenahn(17.11.-29.11.2003)"]
[Date "2003.??.??"]
[Round "2.22"]
[White "Szczepaniec, Stanislaw"]
[Black "Asmundsson, Ingvar"]
[Result "0-1"]
[WhiteElo "2206"]
[BlackElo "2402"]
[PlyCount "82"]


1. c4 e5 2. Nc3 d6 3. Nf3 f5 4. d4 e4 5. Ng5 c6 6. d5 Nf6 7. g3 h6 8. Nh3 g5 9.
Bg2 Bg7 10. O-O O-O 11. f3 exf3 12. exf3 c5 13. Be3 Nbd7 14. f4 Ng4 15. Bd2
Bd4+ 16. Kh1 gxf4 17. Nxf4 Nde5 18. Qe2 Kh7 19. h3 Nf6 20. Ne6 Bxe6 21. dxe6
Qe7 22. Nd5 Qxe6 23. Nc7 Qxc4 24. Qxc4 Nxc4 25. Nxa8 Nxd2 26. Rfe1 Rxa8 27.
Re7+ Kg6 28. Rd1 Nde4 29. Bxe4 Nxe4 30. Kg2 Bxb2 31. g4 Be5 32. gxf5+ Kxf5 33.
Rf1+ Kg6 34. Rxb7 Nf6 35. Kf3 c4 36. Ke3 d5 37. Re7 d4+ 38. Kd2 Bd6 39. Rg1+
Kf5 40. Rf1+ Bf4+ 41. Kc2 d3+ 0-1

[Event "13sen.WMH 2003 Senioren"]
[Site "Bad Zwischenahn(17.11.-29.11.2003)"]
[Date "2003.11.29"]
[Round "2.23"]
[White "Zhelesny, Stanislaw"]
[Black "Johannsen, Ingbert"]
[Result "1-0"]
[WhiteElo "2228"]
[BlackElo "1957"]
[PlyCount "137"]


1. d4 f5 2. Nf3 g6 3. g3 Nf6 4. Bg2 Bg7 5. c4 O-O 6. O-O d6 7. Nc3 Qe8 8. e4
fxe4 9. Ng5 Nc6 10. Be3 e5 11. d5 Na5 12. b3 b6 13. Ngxe4 Nxe4 14. Nxe4 Nb7 15.
b4 Rb8 16. Rc1 Bf5 17. c5 dxc5 18. bxc5 Bxe4 19. Bxe4 bxc5 20. Bxc5 Nd6 21. Bg2
Qd7 22. Bxa7 Ra8 23. Be3 Rxa2 24. Rc6 Rfa8 25. Qc1 Ne8 26. d6 cxd6 27. Bd5+ Kh8
28. Bxa2 Rxa2 29. Rc8 d5 30. Qc5 d4 31. Bg5 h6 32. Rd8 Qf7 33. Qc6 hxg5 34.
Qxe8+ Qxe8 35. Rxe8+ Kh7 36. g4 Re2 37. Rb1 d3 38. Kf1 e4 39. Re1 Rxe1+ 40.
Kxe1 Bc3+ 41. Kd1 Bd4 42. Rxe4 Bxf2 43. Re7+ Kg8 44. Kd2 Bg1 45. h3 Bh2 46.
Kxd3 Kf8 47. Re2 Bc7 48. Ke4 Ke7 49. Kd5+ Kf7 50. Kc6 Bf4 51. Kd7 Kf6 52. Re7
Bc1 53. Ke8 Ba3 54. Rf7+ Ke6 55. Ra7 Bc1 56. Kf8 Ke5 57. Kf7 Kf4 58. Ra1 Be3
59. Kxg6 Kg3 60. Ra3 Kh4 61. Kf5 Bc1 62. Rf3 Bd2 63. Ke4 Be1 64. Rf1 Bd2 65.
Kf3 Bc3 66. Kg2 Bf6 67. Rf5 Be5 68. Rf7 Bg7 69. Kf3 1-0

[Event "13sen.WMH 2003 Senioren"]
[Site "Bad Zwischenahn(17.11.-29.11.2003)"]
[Date "2003.??.??"]
[Round "2.24"]
[White "Fehres, Werner"]
[Black "Sanakoev, Grigory"]
[Result "0-1"]
[WhiteElo "2070"]
[BlackElo "2310"]
[PlyCount "58"]


1. e4 c5 2. f4 Nc6 3. Nf3 d6 4. c3 Nf6 5. d3 g6 6. Be2 Bg7 7. O-O O-O 8. Kh1 e5
9. fxe5 dxe5 10. Be3 b6 11. Nbd2 Ng4 12. Bg1 f5 13. Qb3+ Kh8 14. h3 Nh6 15.
Rad1 Qe7 16. Be3 f4 17. Bf2 g5 18. d4 exd4 19. cxd4 Nxd4 20. Nxd4 cxd4 21. Qd5
Be6 22. Qb5 g4 23. hxg4 Nxg4 24. Bxg4 Bxg4 25. Rde1 Rac8 26. Kg1 f3 27. Rc1
fxg2 28. Kxg2 Qg5 29. Bg3 Rxc1 0-1

[Event "13sen.WMH 2003 Senioren"]
[Site "Bad Zwischenahn(17.11.-29.11.2003)"]
[Date "2003.11.29"]
[Round "2.25"]
[White "Reichenbach, Werner"]
[Black "Rychlik, Kurt"]
[Result "1-0"]
[WhiteElo "2294"]
[BlackElo "1868"]
[PlyCount "55"]


1. e4 g6 2. d4 Bg7 3. Nc3 d6 4. Nf3 Nf6 5. Be2 O-O 6. O-O Nbd7 7. e5 Ne8 8. Bc4
Nb6 9. Bb3 d5 10. h3 c6 11. Ne2 Nc7 12. Nf4 Bf5 13. Qe2 h6 14. g4 Bd7 15. c3
Ne6 16. Ng2 Rc8 17. Bc2 c5 18. Rd1 c4 19. Nfh4 Rc6 20. f4 Qc8 21. f5 Ng5 22.
Nf4 gxf5 23. Nxf5 Bxf5 24. gxf5 Qc7 25. Kh1 Rd8 26. Rg1 Kf8 27. h4 Ne4 28. Qg2
1-0

[Event "13sen.WMH 2003 Senioren"]
[Site "Bad Zwischenahn(17.11.-29.11.2003)"]
[Date "2003.11.29"]
[Round "2.26"]
[White "Nietsch, Horst"]
[Black "Ivanets, Vladimir"]
[Result "1-0"]
[WhiteElo "1987"]
[BlackElo "2270"]
[PlyCount "112"]


1. e4 c5 2. Nf3 a6 3. c4 g6 4. d4 cxd4 5. Nxd4 Bg7 6. Nc3 Nc6 7. Be3 d6 8. Be2
Nf6 9. f3 Bd7 10. Qd2 Qb8 11. Rd1 Nxd4 12. Bxd4 Bc6 13. Nd5 e5 14. Nxf6+ Bxf6
15. Be3 Be7 16. O-O O-O 17. Kh1 Qc7 18. Bd3 b5 19. b3 Qb7 20. Rc1 Rfc8 21. Qf2
Bf6 22. Rfd1 b4 23. Bf1 Be7 24. Rd2 a5 25. Bd3 a4 26. Bc2 axb3 27. Bxb3 Ba4 28.
h3 Bxb3 29. axb3 Ra3 30. Rb1 Rca8 31. Kh2 Qb8 32. Qg3 Ra2 33. Qf2 Ra1 34. Rxa1
Rxa1 35. Ra2 Rxa2 36. Qxa2 f5 37. exf5 gxf5 38. Qa5 Kg7 39. Bd2 Kg6 40. Bxb4
Bd8 41. Qa4 Bc7 42. Bd2 Qd8 43. Qc6 Qe7 44. Qd5 e4 45. fxe4 fxe4 46. Qg8+ Qg7
47. Qe6+ Qf6 48. Qxe4+ Qf5 49. Qe8+ Qf7 50. Qxf7+ Kxf7 51. Bf4 Ke6 52. c5 Kd7
53. Bxd6 Ba5 54. Kg3 Bb4 55. Kf4 Bc3 56. Kf5 Bd4 1-0

[Event "13sen.WMH 2003 Senioren"]
[Site "Bad Zwischenahn(17.11.-29.11.2003)"]
[Date "2003.11.29"]
[Round "2.27"]
[White "Vucenovic, Dragomir"]
[Black "Ziltener, Werner"]
[Result "1-0"]
[WhiteElo "2204"]
[BlackElo "1967"]
[PlyCount "87"]


1. d4 Nf6 2. g3 c5 3. Nf3 e6 4. Bg2 d5 5. O-O Be7 6. c4 dxc4 7. Qa4+ Bd7 8.
Qxc4 Bc6 9. dxc5 Bd5 10. Qc2 Be4 11. Qc3 O-O 12. Be3 Na6 13. Nbd2 Nd5 14. Qa3
Nxe3 15. Qxe3 Bd5 16. Rac1 Qa5 17. a3 Bxc5 18. Qf4 Qd8 19. e4 Bc6 20. Rfd1 Qf6
21. Qxf6 gxf6 22. Bf1 f5 23. Bxa6 fxe4 24. Rxc5 exf3 25. Bf1 Rfd8 26. Rcc1 Rd6
27. Nc4 Rxd1 28. Rxd1 f5 29. Ne5 Be4 30. g4 Kg7 31. g5 Bd5 32. Bc4 Bxc4 33.
Rd7+ Kg8 34. Nxc4 Rc8 35. Ne3 f4 36. Nf1 Rc5 37. h4 h6 38. gxh6 Rh5 39. h7+ Kh8
40. Nd2 Rb5 41. b4 a5 42. Nxf3 axb4 43. axb4 Rh5 44. Rxb7 1-0